Govt. of
Madhya Pradesh

Practical Physics with viva voce (Record no. 31114)

MARC details
000 -LEADER
fixed length control field 004470000a22001810004500
003 - CONTROL NUMBER IDENTIFIER
control field MACL
005 - DATE AND TIME OF LATEST TRANSACTION
control field 20160122114737.0
008 - FIXED-LENGTH DATA ELEMENTS--GENERAL INFORMATION
fixed length control field 160122b xxu||||| |||| 00| 0 eng d
040 ## - CATALOGING SOURCE
Original cataloging agency MACL
Transcribing agency MACL
041 ## - LANGUAGE CODE
Language code of text/sound track or separate title English
082 ## - DEWEY DECIMAL CLASSIFICATION NUMBER
Classification number 530/GUP
100 ## - MAIN ENTRY--PERSONAL NAME
Personal name Gupta, Dr S L
9 (RLIN) 33988
245 ## - TITLE STATEMENT
Title Practical Physics with viva voce
260 ## - PUBLICATION, DISTRIBUTION, ETC. (IMPRINT)
Name of publisher, distributor, etc. Pragati Prakashan
Date of publication, distribution, etc. 2000
Place of publication, distribution, etc. Meerut
350 ## - PRICE (NR) (BK AM CF MU VM SE) [OBSOLETE]
Price 180
650 ## - SUBJECT ADDED ENTRY--TOPICAL TERM
Topical term or geographic name as entry element Physics
9 (RLIN) 33989
942 ## - ADDED ENTRY ELEMENTS (KOHA)
Koha item type Books
Call number prefix 530/GUP
Source of classification or shelving scheme
Holdings
Withdrawn status Lost status Source of classification or shelving scheme Damaged status Not for loan Home library Current library Date acquired Cost, normal purchase price Total Checkouts Full call number Barcode Date last seen Uniform Resource Identifier Price effective from Koha item type
          MACL MACL 15/04/2015 180.00   530/GUP CLC001516 29/04/2015 31165 15/04/2015 Books